Seychelles : Second Review Under the policy coordination Instrument and Request for Modification of Targets-Press Release; and Staff Report.

Economic developments since the completion of the first review under the Policy Coordination Instrument (PCI) in June 2018 have been broadly in line with expectations. The program is largely on track. Staff received renewed assurance from President Faure that the large infrastructure projects announ...

詳細記述

書誌詳細
団体著者: International Monetary Fund. African Dept
フォーマット: 雑誌
言語:English
出版事項: Washington, D.C. : International Monetary Fund, 2019.
シリーズ:IMF Staff Country Reports; Country Report ; No. 2019/004
オンライン・アクセス:Full text available on IMF
LEADER 01565cas a2200241 a 4500
001 AALejournalIMF018995
008 230101c9999 xx r poo 0 0eng d
020 |c 5.00 USD 
020 |z 9781484393055 
022 |a 1934-7685 
040 |a BD-DhAAL  |c BD-DhAAL 
110 2 |a International Monetary Fund.  |b African Dept. 
245 1 0 |a Seychelles :   |b Second Review Under the policy coordination Instrument and Request for Modification of Targets-Press Release; and Staff Report. 
264 1 |a Washington, D.C. :  |b International Monetary Fund,  |c 2019. 
300 |a 1 online resource (67 pages) 
490 1 |a IMF Staff Country Reports 
500 |a <strong>Off-Campus Access:</strong> No User ID or Password Required 
500 |a <strong>On-Campus Access:</strong> No User ID or Password Required 
506 |a Electronic access restricted to authorized BRAC University faculty, staff and students 
520 3 |a Economic developments since the completion of the first review under the Policy Coordination Instrument (PCI) in June 2018 have been broadly in line with expectations. The program is largely on track. Staff received renewed assurance from President Faure that the large infrastructure projects announced in his State of the Nation Address (SONA) in March 2018 would be implemented within the fiscal targets under the PCI. 
538 |a Mode of access: Internet 
830 0 |a IMF Staff Country Reports; Country Report ;  |v No. 2019/004 
856 4 0 |z Full text available on IMF  |u http://elibrary.imf.org/view/journals/002/2019/004/002.2019.issue-004-en.xml  |z IMF e-Library